000 00824nam a22002417a 4500
005 20170124105955.0
010 _aB-061542
020 _c00.00
_a007044496
035 _aB-061542
037 _bCen Lib/Ret
040 _aDPL
_bEN
082 _a371.1
_bKEY
100 _aKeys, Terrance
_914520
245 _aHow to be a successful technical trainer :
_bby Terrance Keys [and] Andrew R. Zeff
_ccore skills for instructor certification /
260 _aNew Delhi
_bTata McGraw-Hill Publishing Company Limited
_c2001
270 _a7 West Patel Nagar
_bNew Delhi
_e110008
300 _axvi,389p. :
_bill.
_c23cm(Hb)
500 _aIncludes index.
650 _aEducation
_91169
650 _aTechnology -- Study and teaching.
_914521
700 _aZeff, Andrew R.
_914522
942 _2ddc
_cEN
_h371.1
_mKEY
999 _c125486
_d125486